书目信息 |
| 题名: |
工程流体力学
|
|
| 作者: | 归柯庭 编 | |
| 分册: | ||
| 出版信息: | 北京 科学出版社 2003 |
|
| 页数: | 345页 | |
| 开本: | 24cm | |
| 丛书名: | 21世纪高等院校教材 | |
| 单 册: | ||
| 中图分类: | TB126 | |
| 科图分类: | ||
| 主题词: | 工程力学--流体力学--高等学校 | |
| 电子资源: | ||
| ISBN: | 7-03-011308-X | |
| 000 | 00810nam2 2200241 45 | |
| 001 | 002422068 | |
| 005 | 20050411083240.3 | |
| 010 | @a7-03-011308-X@dCNY31.00 | |
| 100 | @a20030803d2003 em y0chiy0110 ea | |
| 101 | 0 | @achi |
| 102 | @aCN@b110000 | |
| 105 | @ay z 000yy | |
| 200 | 1 | @a工程流体力学@Agong cheng liu ti li xue@f归柯庭等编@FGui Ke Ting Deng Bian |
| 210 | @a北京@c科学出版社@d2003 | |
| 215 | @a345页@d24cm | |
| 225 | @a21世纪高等院校教材 | |
| 330 | @a本教材讲述了流体物理性质,流体静力学,流体特性,动力学分析基础,量纲分析与相似原理,不可压缩黏性流体的内部、外部流动等内容。各章均附有习题。 | |
| 410 | @12001 @a21世纪高等院校教材 | |
| 606 | 0 | @a工程力学@x流体力学@x高等学校 |
| 690 | @aTB126@v4 | |
| 701 | 0 | @a归柯庭@4编 |
| 801 | 0 | @aCN@bNLC@c20031105 |
| 905 | @b347805-809@dTB126@e22@f5 | |
| 工程流体力学/归柯庭等编.-北京:科学出版社,2003 |
| 345页;24cm.-(21世纪高等院校教材) |
| ISBN 7-03-011308-X:CNY31.00 |
| 本教材讲述了流体物理性质,流体静力学,流体特性,动力学分析基础,量纲分析与相似原理,不可压缩黏性流体的内部、外部流动等内容。各章均附有习题。 |
| ● |
| 相关链接 |
|
|
|
|
正题名:工程流体力学
索取号:TB126/22
 
预约/预借
| 序号 | 登录号 | 条形码 | 馆藏地/架位号 | 状态 | 备注 |
| 1 | 0347805 | 203478058 | 第二样本阅览室/ [索取号:TB126/22] | 在馆 | |
| 2 | 0347806 | 203478067 | 第三借阅区/ [索取号:TB126/22] | 在馆 | |
| 3 | 0347807 | 203478076 | 第三借阅区/ [索取号:TB126/22] | 在馆 | |
| 4 | 0347808 | 203478085 | 第三借阅区/ [索取号:TB126/22] | 在馆 | |
| 5 | 0347809 | 203478094 | 第三借阅区/ [索取号:TB126/22] | 在馆 |